Cheshire, North & Fawcett private international law / (Record no. 541236)

000 -LEADER
fixed length control field 01038cam a2200277 i 4500
020 ## - INTERNATIONAL STANDARD BOOK NUMBER
International Standard Book Number 9780199678990 (pbk.)
082 ## - DEWEY DECIMAL CLASSIFICATION NUMBER
Classification number 341.04
245 00 - TITLE STATEMENT
Title Cheshire, North & Fawcett private international law /
Statement of responsibility, etc. edited by Paul Torremans ; consultant editor, James J. Fawcett ; authors, Uglješa Grušić [and 7 others].
250 ## - EDITION STATEMENT
Edition statement Fifteenth edition.
260 ## - PUBLICATION, DISTRIBUTION, ETC.
Place of publication, distribution, etc. UK, Oxford :
Name of publisher, distributor, etc. Oxford University Press
Date of publication, distribution, etc. 2017
300 ## - PHYSICAL DESCRIPTION
Extent clxxxviii, 1435 pages ;
Dimensions 25 cm
504 ## - BIBLIOGRAPHY, ETC. NOTE
Bibliography, etc. note Includes bibliographical references and index.
650 #0 - SUBJECT ADDED ENTRY--TOPICAL TERM
Topical term or geographic name entry element Conflict of laws, NLS2024, NLSTEXTBOOKS, NLSEBOOKBANK
700 1# - ADDED ENTRY--PERSONAL NAME
Personal name Torremans, Paul,
700 1# - ADDED ENTRY--PERSONAL NAME
Personal name Fawcett, J. J.,
700 1# - ADDED ENTRY--PERSONAL NAME
Personal name Grušić, Uglješa.
856 ## - Uniform Resource Identifier
Uniform Resource Identifier <a href="http://10.250.8.41:8080/xmlui/handle/123456789/47856">http://10.250.8.41:8080/xmlui/handle/123456789/47856</a>
942 ## - ADDED ENTRY ELEMENTS (KOHA)
Source of classification or shelving scheme
Koha item type Book
650 #0 - SUBJECT ADDED ENTRY--TOPICAL TERM
-- 126866
650 #0 - SUBJECT ADDED ENTRY--TOPICAL TERM
-- 32075
700 1# - ADDED ENTRY--PERSONAL NAME
-- 35609
700 1# - ADDED ENTRY--PERSONAL NAME
-- 35610
700 1# - ADDED ENTRY--PERSONAL NAME
-- 35611
Holdings
Withdrawn status Lost status Source of classification or shelving scheme Damaged status Not for loan Permanent Location Current Location Date acquired Full call number Barcode Date last seen Price effective from Koha item type
          NUST Law School (NLS) NUST Law School (NLS) 01/13/2021 341.04 GRU CL-493 01/13/2021 01/13/2021 Book
© 2023 Central Library, National University of Sciences and Technology. All Rights Reserved.